81º Aniversario Escuela de Derecho U.C.V. Discursos.
Đã lưu trong:
| Tác giả của công ty: | |
|---|---|
| Định dạng: | Sách |
| Ngôn ngữ: | Tiếng Tây Ban Nha |
| Được phát hành: |
Valparaíso, Chile:
Universidad Católica de Valparaíso (U.C.V.),
1975.
|
| Loạt: | Documentos Universitarios,
|
| Những chủ đề: | |
| Các nhãn: |
Thêm thẻ
Không có thẻ, Là người đầu tiên thẻ bản ghi này!
|
MARC
| LEADER | 00000cam a2200000 a 4500 | ||
|---|---|---|---|
| 001 | UCY3648 | ||
| 003 | CL-VaPUC | ||
| 005 | 20241202104307.0 | ||
| 008 | 950111e19750000CL |||||||||||||||||spa|d | ||
| 999 | |c 231727 |d 231725 | ||
| 040 | |c Pontificia Universidad Católica de Valparaíso | ||
| 082 | 0 | 4 | |a 378.155 UNI 1975 |2 21 |
| 110 | |a Universidad Católica de Valparaíso (UCV) |e autor |9 260061 | ||
| 245 | 1 | 0 | |a 81º Aniversario Escuela de Derecho U.C.V. |b Discursos. |
| 246 | 1 | 0 | |a Octogésimo Primer Aniversario de la Escuela de Derecho. |
| 260 | |a Valparaíso, Chile: |b Universidad Católica de Valparaíso (U.C.V.), |c 1975. | ||
| 300 | |a 35 páginas. | ||
| 490 | 0 | |a Documentos Universitarios, |n 7. | |
| 500 | |a c.4: Donación. Memo DER N° 046. 28-12-2024. | ||
| 583 | |a last modification |c 20130614 12:51:19 |k Rodrigo Vera | ||
| 600 | 0 | |a Guzmán Brito, Alejandro Ángel, |9 862903 |d 1945-2021 |v Discursos | |
| 610 | 0 | |9 867309 |a Pontificia Universidad Católica de Valparaíso. |b Escuela de Derecho |v Homenajes |z Chile | |
| 942 | |c BK |2 ddc | ||
| 945 | |d 19950111 00:00:00 |a rbrito | ||
| 952 | |0 0 |1 0 |4 0 |6 378_155000000000000_UNI_1975 |7 0 |8 P |9 235322 |a BIBEDU |b BIBEDU |c BIBEDU_PB |d 2019-11-15 |i 302671K |o 378.155 UNI 1975 |p 302671K |r 2019-11-15 |w 2019-11-15 |y BK |k EDU | ||
| 952 | |0 0 |1 0 |4 0 |6 378_155000000000000_UNI_1975 |7 0 |8 P |9 235323 |a BIBEDU |b BIBEDU |c BIBEDU_PB |d 2019-11-15 |i 3026728 |o 378.155 UNI 1975 |p 3026728 |r 2019-11-15 |w 2019-11-15 |y BK |k EDU | ||
| 952 | |0 0 |1 0 |4 0 |6 378_155000000000000_UNI_1975 |7 0 |8 X |9 235324 |a FDOBUD |b FDOBUD |d 2019-11-15 |i 4928482 |o 378.155 UNI 1975 |p 4928482 |r 2019-11-15 |w 2019-11-15 |y BK_X |k FHP | ||
| 952 | |0 0 |1 0 |2 ddc |4 0 |6 378_155000000000000_UNI_1975 |7 0 |8 A |9 598373 |a BIBDER |b BIBDER |d 2024-12-02 |e Donación |i 5663454 |o 378.155 UNI 1975 |p 5663454 |r 2024-12-02 |t 4 |w 2024-12-02 |y BK |k DER | ||